000
00321nam a22001337a 4500
008
181011b xxu||||| |||| 00| 0 eng d
020
_a
9780072858396
041
_a
eng
080
_2
2nd
_a
371
100
_a
25
101
_a
EDU
245
_a
New Worlds An Introduction to College Reading
_c
Cortina,J
942
_2
udc
_c
BK
999
_c
49390
_d
49390